00273nam a22000977a 4500008004100000020001500041082001600056100003800072245005500110300001000165230602b xxu||||| |||| 00| 0 eng d a9966466932 a967.62bOGO cB. A. Ogot and W.R. Ochiengd1995 aDecolonization and Independence in Kenyab1940- 93 axviii